000 00628nam a2200241Ia 4500
003 OSt
005 20221007073841.0
006 a|||||r|||| 00| 0
007 ta
008 221006b |||||||| |||| 00| 0 eng d
024 _a35,201
037 _cTextual
040 _aFLL
_cFLL
_beng
041 _2eng
_aeng
082 _aZ:(T), N8
100 _aMenon N.R. Madhava
_9311801
245 0 _aClinical legal education
250 _a1st
260 _aLucknow
_bEastern Book Company India
_c1998
300 _axxiii,311p
_ccm.
942 _hZ:(T), N8
_cTEXL
_2CC
999 _c1150124
_d1150124